Statistics for Extremely Fast Typing 1-100

Click here to take the quiz!

General Stats

  • This quiz has been taken 34 times
  • The average score is 46 of 100

Answer Stats

Answer% Correct
1
100%
2
100%
3
100%
4
100%
5
100%
6
100%
7
100%
8
100%
9
100%
12
96%
13
96%
14
96%
15
96%
10
92%
11
92%
16
92%
21
92%
17
88%
18
88%
19
88%
22
88%
20
83%
23
83%
24
79%
26
79%
25
75%
28
75%
29
75%
27
71%
31
71%
32
71%
33
71%
30
67%
35
67%
36
67%
34
63%
37
63%
38
63%
39
58%
40
54%
41
54%
47
54%
42
50%
44
50%
45
50%
43
46%
46
46%
49
46%
48
42%
51
38%
50
33%
52
33%
55
33%
53
25%
54
25%
61
25%
62
25%
56
21%
57
21%
58
21%
59
21%
60
21%
71
21%
72
21%
63
17%
65
17%
66
17%
77
17%
78
17%
79
17%
82
17%
99
17%
100
13%
64
13%
67
13%
68
13%
69
13%
70
13%
73
13%
74
13%
75
13%
76
13%
81
13%
88
13%
89
13%
91
13%
97
13%
98
13%
80
8%
83
8%
84
8%
85
8%
86
8%
87
8%
90
8%
92
8%
93
8%
94
8%
95
8%
96
8%

Score Distribution

Percentile by Number Answered

Percent of People with Each Score

Your Score History

You have not taken this quiz